Najpopularniejsze polskie imiona żeńskie - Statystyki

Ogólne statystyki
  • Ten quiz został rozwiązany 61 razy
  • Średni wynik to 63 z 100
Statystyki odpowiedzi
Liczba Odpowiedź % Poprawnych
1 1072616 Anna
100%
6 479955 Barbara
90%
7 476100 Ewa
90%
2 604753 Katarzyna
90%
12 389719 Aleksandra
88%
3 585573 Maria
88%
35 205558 Wiktoria
88%
65 87225 Daria
85%
31 222618 Hanna
85%
8 434573 Magdalena
85%
48 151315 Weronika
85%
14 369226 Zofia
85%
4 577214 Małgorzata
83%
13 377945 Monika
83%
16 317133 Natalia
83%
29 224066 Paulina
83%
5 547485 Agnieszka
81%
17 307602 Julia
81%
30 224033 Zuzanna
81%
10 404003 Joanna
79%
28 228174 Grażyna
77%
18 296760 Danuta
75%
22 268289 Dorota
75%
46 159409 Izabela
75%
32 217197 Janina
75%
19 294334 Karolina
75%
37 187830 Renata
75%
21 280043 Beata
73%
56 122862 Dominika
73%
38 184392 Urszula
73%
23 252802 Alicja
71%
26 232538 Iwona
71%
33 216718 Justyna
71%
11 403874 Krystyna
71%
53 129748 Lena
71%
40 182453 Sylwia
71%
49 148205 Ewelina
69%
85 48602 Łucja
69%
20 289773 Marta
69%
42 169445 Patrycja
69%
27 231844 Jadwiga
67%
51 138825 Klaudia
67%
71 73662 Laura
67%
45 159830 Oliwia
67%
39 184049 Agata
65%
55 124228 Amelia
65%
9 415199 Elżbieta
65%
24 238059 Halina
65%
34 209399 Irena
65%
25 236965 Jolanta
65%
63 103334 Alina
63%
75 64906 Angelika
63%
44 161496 Emilia
63%
60 111270 Kamila
63%
15 327952 Teresa
63%
62 105001 Wiesława
63%
47 151669 Aneta
60%
36 198786 Bożena
60%
90 47261 Iga
60%
78 55045 Ilona
60%
57 120929 Kinga
60%
83 50889 Kornelia
60%
43 163805 Helena
58%
68 79828 Lucyna
58%
41 179730 Maja
58%
81 54362 Sandra
58%
64 93097 Wanda
58%
69 77645 Nikola
56%
52 134547 Gabriela
54%
84 49147 Genowefa
54%
82 53066 Nadia
54%
76 61187 Olga
54%
72 72516 Wioletta
54%
94 45901 Anita
52%
74 69163 Antonina
52%
59 114004 Edyta
52%
50 142405 Martyna
52%
87 47799 Nina
52%
89 47272 Pola
52%
95 45648 Marcelina
50%
54 129430 Marzena
50%
61 110249 Stanisława
50%
98 42947 Jagoda
48%
70 76609 Milena
48%
91 47064 Bogusława
46%
58 116193 Marianna
46%
66 82647 Lidia
44%
67 81972 Mariola
44%
77 56621 Michalina
44%
100 39027 Aniela
42%
79 54726 Bogumiła
40%
73 69863 Mirosława
38%
92 47013 Sabina
33%
80 54512 Kazimiera
31%
88 47291 Liliana
31%
86 48545 Marlena
31%
96 43734 Józefa
29%
99 42300 Regina
27%
97 43069 Stefania
27%
93 46236 Henryka
21%
Nie znaleziono quizów pasujących do podanych kryteriów
Rozkład punktacji
Procent ludzi z każdym wynikiem
Percentyl według liczby udzielonych odpowiedzi
Twoja historia wyników
Nie rozwiązałeś tego quizu